Vista normal
Vista MARC
- Escorial, Almudena
Entrada Nombre de persona
Número de registros utilizados en: 5
001 - NÚMERO DE CONTROL
- campo de control: 2173
003 - IDENTIFICADOR DEL NÚMERO DE CONTROL
- campo de control: ES-MaFIAP
005 - FECHA Y HORA DE LA ÚLTIMA TRANSACCIÓN
- campo de control: 20231218082412.0
008 - DATOS DE LONGITUD FIJA
- campo de control de longitud fija: 231218|| aca||aabn | a|a d
040 ## - FUENTE DE LA CATALOGACIÓN
- Centro catalogador/agencia de origen: ES-MaFIAP
- Centro/agencia transcriptor: ES-MaFIAP
100 ## - ENCABEZAMIENTO-NOMBRE DE PERSONA
- Nombre de persona: Escorial, Almudena
670 ## - FUENTE DE DATOS ENCONTRADOS
- Cita de la fuente: Work cat.: (ES-MaFIAP)837: La situación de la Infancia en España 2022 / , 2022





